000 01400cam a22003014a 4500
020 _a0821369598
020 _a9780821369609
040 _cDLC
082 _a303 WOR 2007 A066 Or.
110 2 _aWorld Bank.
245 1 0 _aWorld Development Indicators 2007
260 _aWashington, D.C. :
_bThe World Bank,
_c2007.
300 _a1 online resource (426 p.)
490 1 _aWorld Development Indicators
520 3 _aWorld Development Indicators is the World Bank's premier annual compilation of data about development. This indispensable statistical reference allows you to consult over 900 indicators for some 150 economies and 14 country groups in more than 80 tables. It provides a current overview of the most recent data available as well as important regional data and income group analysis in six thematic sections: World View, People, Environment, Economy, States and Markets, and Global Links.
650 4 _aEnvironment.
650 4 _aEnvironmental Economics and Policies.
650 4 _aFinance and Financial Sector Development.
650 4 _aFinancial Literacy.
650 4 _aHealth Monitoring and Evaluation.
650 4 _aHealth, Nutrition and Population.
650 4 _aPopulation Policies.
650 4 _aPoverty Reduction.
650 4 _aPro-Poor Growth.
710 2 _aWorld Bank.
856 4 0 _uhttp://elibrary.worldbank.org/content/book/9780821369593
942 _cEK
999 _c14122
_d14122